Outer Wilds Characters By Picture - Statistics

General Stats
  • This quiz has been taken 47 times
  • The average score is 6 of 7
Answer Stats
Picture Answer % Correct
Gabbro
93%
Solanum
93%
Feldspar
90%
Esker
80%
Riebeck
78%
Chert
76%
Slate
49%
No matching quizzes found
Score Distribution
Percent of People with Each Score
Percentile by Number Answered
Your Score History
You have not taken this quiz